| 000 | 00500nam a2200193 a 4500 | ||
|---|---|---|---|
| 001 | 1765881797006 | ||
| 003 | YourLibrary | ||
| 005 | 20251216161635.0 | ||
| 008 | 251216s1997##################000#0#eng## | ||
| 020 | _a9780521783866 | ||
| 082 | 0 | 4 |
_a202.2 _bCOA |
| 100 | 1 |
_aCoakley, Sarah, _eauthor. |
|
| 245 | 1 | 0 | _aReligion and the Body : |
| 260 |
_bCambridge University Press, _c1997. |
||
| 300 | _a336 pages | ||
| 650 | 0 | _aReligion. | |
| 942 | _cENGLISH | ||
| 040 |
_aYourLibrary _beng _cYourLibrary |
||
| 999 |
_c602783 _d602783 |
||